| Tag |
First Indicator |
Second Indicator |
Subfields |
| LEADER |
00000cam a22000008a 4500 |
| 001 |
in00000014233 |
| 005 |
20151007052151.0 |
| 008 |
860602s1987 enka b 00110 eng |
| 010 |
|
|
|a 86014702
|
| 020 |
|
|
|a 0521321735
|
| 035 |
|
|
|a (OCoLC)13762641
|
| 035 |
|
|
|9 AAA6595AM
|
| 040 |
|
|
|a DLC
|c DLC
|d TXA
|d UtOrBLW
|
| 043 |
|
|
|a f-tg---
|a f-dm---
|
| 049 |
|
|
|a TXAM
|c [A12606542]
|
| 050 |
0 |
0 |
|a DT541.45.S65
|b B57 1987
|
| 082 |
0 |
|
|a 728.3/72/089963
|2 19
|
| 100 |
1 |
|
|a Blier, Suzanne Preston.
|
| 245 |
1 |
4 |
|a The anatomy of architecture :
|b ontology and metaphor in Batammaliba architectural expression /
|c Suzanne Preston Blier.
|
| 263 |
|
|
|a 8709
|
| 264 |
|
1 |
|a Cambridge [Cambridgeshire] ;
|a New York, NY, USA :
|b Cambridge University Press,
|c 1987.
|
| 300 |
|
|
|a xx, 314 pages :
|b illustrations
|
| 336 |
|
|
|a text
|b txt
|2 rdacontent
|
| 337 |
|
|
|a unmediated
|b n
|2 rdamedia
|
| 338 |
|
|
|a volume
|b nc
|2 rdacarrier
|
| 490 |
1 |
|
|a RES monographs in anthropology and aesthetics
|
| 504 |
|
|
|a Bibliography: pages 297-303.
|
| 500 |
|
|
|a Includes index.
|
| 650 |
|
0 |
|a Somba (African people)
|
| 650 |
|
0 |
|a Somba (African people)
|x Social life and customs.
|
| 830 |
|
0 |
|a RES monographs in anthropology and aesthetics.
|
| 999 |
|
|
|a MARS
|
| 999 |
f |
f |
|s 92455de9-3e3f-3bf2-9321-512d3da44163
|i 7177cd5f-c584-3992-b2f0-845cea97991f
|t 0
|
| 952 |
f |
f |
|p ric
|a Texas A&M University
|b Rellis Campus
|c Joint Library Facility
|d Remote Storage
|t 0
|e DT541.45.S65 B57 1987
|h Library of Congress classification
|i unmediated -- volume
|m A14812606542
|
| 998 |
f |
f |
|a DT541.45.S65 B57 1987
|t 0
|l Remote Storage
|